Geometry dash lite - Statystyki

Ogólne statystyki
  • Ten quiz został rozwiązany 26 razy
  • Średni wynik to 5 z 8
Statystyki odpowiedzi
Zagadnienie Odpowiedź % Poprawnych
Jak się nazywa 4 poziom? Dry out
100%
Ile monet trzeba mieć aby dostać Clubstep? 10
85%
Gdzie się znajduje pierwsza moneta w xStepie? Na początku w pierwszym lotu samolotem między okrągłymi przeszkodami
80%
Jak się nazywa drugi poziom demon? Theory of everything 2
80%
Czym się różni ufo od koski? Ufo może skakać w powietrzu
80%
W którym poziomie jako pierwszy raz jest coś innego od kwadratu lub samolotu? 9
60%
Jak się nazywa ostatni 10siąty poziom? (są 4). Geometrical dominator
35%
Ile razy się zmienia postać (kulka,kostka,ufo itd.) w Electroman Adventures? 11
15%
Nie znaleziono quizów pasujących do podanych kryteriów
Rozkład punktacji
Procent ludzi z każdym wynikiem
Percentyl według liczby udzielonych odpowiedzi
Twoja historia wyników
Nie rozwiązałeś tego quizu